000 00498nam a22001697a 4500
003 MACL
005 20160315124850.0
008 160315b xxu||||| |||| 00| 0 eng d
040 _cMACL
041 _aHindi
082 _a920
100 _aपरिपूर्णानन्‍द वर्मा
_946042
245 _aभारत की विभृति
260 _aआगरा
_bरामप्रसाद एण्‍ड संस
650 _aBiography
_946043
942 _2ddc
_cHIN
999 _c53532
_d53532